000 00333nam a2200145Ia 4500
008 191201s2012 xx 000 0 und d
082 _a670
_bHMP
100 _aHMT, Bangalore
245 0 _aProduction Technology
250 _a34th Rep
260 _aN. delhi
_bTMH
_c2012
300 _a870
650 _aM.Tech (ME)
942 _2ddc
_cBK
999 _c5238
_d5238